000 00275nam a2200097Ia 4500
001 639939
005 20250826153437.0
008 250824s9999 xx 000 0 und d
245 0 _aROMEO VE JULIET ANTİK DÜNYA KLASİKLERİ
_cSHAKESPEARE
260 _bANTİK DÜNYA KLASİKLERİ
999 _c639939
_d639939